LEADER 01045nam0 2200277 450 001 000037336 005 20250226120641.0 010 $a88-8091-219-4 100 $a20250226d1995----km-y0itay50------ba 101 0 $aita 102 $aIT 105 $ay-------001yy 200 1 $aDall'azienda protetta all'azienda competitiva$ei modelli imprenditoriali emergenti nell'economia italiana$eatti del Convegno svoltosi a Pescara, 23-24 settembre 1994$fpromosso da Accademia italiana di economia aziendale 210 $aBologna$cClueb$d1995 215 $aXIV, 317 p.$d22 cm 225 2 $aAIDEA$v17 410 0$12001$aAIDEA 500 10$aDall'azienda protetta all'azienda competitiva$92547427 610 1 $aAziende$aItalia 676 $a658$v23$9Gestione in generale 710 02$aAccademia italiana di economia aziendale$088713 801 0$aIT$bUNIPARTHENOPE$c20250226$gREICAT$2UNIMARC 912 $a000037336 951 $aDISAE 512/765$b4534 ex St.Az.$cNAVA2 996 $aDall'azienda protetta all'azienda competitiva$92547427 997 $aUNIPARTHENOPE